000
00328nam a22001337a 4500
008
180224b xxu||||| |||| 00| 0 eng d
020
_a
08738340270
041
_a
eng
080
_a
316
100
_a
50
101
_a
SOC
245
_a
The Family Planning Program in the Socioeconomic Context
_c
Srikantan, K.S
942
_2
udc
_c
BK
999
_c
43345
_d
43345